[Event "ISR-ch Women 2018"]
[Site "Ma'alot-Tarshih"]
[Date "2018.12.17"]
[Round "6"]
[White "Levitan, Ronit"]
[Black "Ovechkin, Lilia"]
[Result "1-0"]
[WhiteElo "1875"]
[BlackElo "1779"]
[Annotator "NA"]
[PlyCount "83"]
[EventDate "2018.12.12"]
[EventType "swiss"]
[EventCountry "ISR"]
[SourceTitle "playchess.com"]
[Source "ChessBase"]
[SourceQuality "1"]
[TimeControl "40/5400+30:1800+30"]

1. e4 {[%emt 0:00:00]} Nf6 {[%emt 0:00:00]} 2. e5 {[%emt 0:00:00]} Nd5 {[%emt 0:00:01]} 3. d4 {[%emt 0:00:00]} d6 {[%emt 0:00:38]} 4. Nf3 {[%emt 0:00:19]} c6 {[%emt 0:01:51]} 5. Bc4 {[%emt 0:09:54]} Bg4 {[%emt 0:16:55]} 6. Nc3 {[%emt 0:12:52]} e6 {[%emt 0:06:59]} 7. Nxd5 {[%emt 0:10:40]} exd5 {[%emt 0:03:02]} 8. Be2 {[%emt 0:02:46]} Bxf3 {[%emt 0:05:25]} 9. Bxf3 {[%emt 0:00:05]} dxe5 {[%emt 0:01:02]} 10. dxe5 {[%emt 0:00:05]} Nd7 {[%emt 0:01:42]} 11. Bf4 {[%emt 0:02:15]} Qb6 {[%emt 0:09:42]} 12. Rb1 {[%emt 0:05:35]} Bc5 {[%emt 0:04:30]} 13. O-O {[%emt 0:00:57]} O-O {[%emt 0:00:40]} 14. c4 {[%emt 0:16:49]} Bd4 {[%emt 0:16:45]} 15. cxd5 {[%emt 0:00:59]} cxd5 {[%emt 0:03:39]} 16. Bxd5 {[%emt 0:00:32]} Nxe5 {[%emt 0:07:30]} 17. Be4 {[%emt 0:15:51]} Qf6 {[%emt 0:02:56]} 18. Bg3 {[%emt 0:01:00]} Rad8 {[%emt 0:01:28]} 19. Qh5 {[%emt 0:00:48]} g6 {[%emt 0:03:35]} 20. Qh6 {[%emt 0:00:39]} b6 {[%emt 0:01:51]} 21. Bh4 {[%emt 0:02:07]} Qe6 {[%emt 0:02:03]} 22. Bxd8 {[%emt 0:00:17]} Ng4 {[%emt 0:01:46]} 23. Qh3 {[%emt 0:04:51]} Qxe4 {[%emt 0:01:20]} 24. Bh4 {[%emt 0:00:16]} f5 {[%emt 0:01:22]} 25. Qb3+ {[%emt 0:02:47]} Kg7 {[%emt 0:00:21]} 26. Rbe1 {[%emt 0:02:00]} Qf4 {[%emt 0:01:13]} 27. Bg3 {[%emt 0:00:47]} Qg5 {[%emt 0:00:50]} 28. Qb4 {[%emt 0:01:40]} Bc5 {[%emt 0:00:37]} 29. Qc3+ {[%emt 0:01:05]} Kg8 {[%emt 0:01:00]} 30. Qc4+ {[%emt 0:00:17]} Kg7 {[%emt 0:00:09]} 31. b4 {[%emt 0:01:25]} f4 {[%emt 0:01:17]} 32. bxc5 {[%emt 0:00:13]} fxg3 {[%emt 0:00:07]} 33. Qc3+ {[%emt 0:00:32]} Kh6 {[%emt 0:00:27]} 34. Qxg3 {[%emt 0:01:21]} bxc5 {[%emt 0:00:09]} 35. h3 {[%emt 0:00:17]} Nf6 {[%emt 0:02:35]} 36. Qxg5+ {[%emt 0:00:09]} Kxg5 {[%emt 0:00:03]} 37. Re5+ {[%emt 0:00:11]} Kf4 {[%emt 0:00:26]} 38. Rxc5 {[%emt 0:00:08]} Rf7 {[%emt 0:00:50]} 39. Rb1 {[%emt 0:00:49]} Ke4 {[%emt 0:00:29]} 40. Rb4+ {[%emt 0:01:08]} Kd3 {[%emt 0:00:07]} 41. Rf4 {[%emt 0:30:49]} g5 {[%emt 0:02:54]} 42. Rf3+ {[%emt 0:00:00]} 1-0

[Event "ISR-ch Women 2018"]
[Site "Ma'alot-Tarshih"]
[Date "2018.12.17"]
[Round "6"]
[White "Orian, Noga"]
[Black "Shaul Zeidner, Lyad"]
[Result "1-0"]
[WhiteElo "1343"]
[BlackElo "1671"]
[Annotator "NA"]
[PlyCount "149"]
[EventDate "2018.12.12"]
[EventType "swiss"]
[EventCountry "ISR"]
[SourceTitle "playchess.com"]
[Source "ChessBase"]
[SourceQuality "1"]
[TimeControl "40/5400+30:1800+30"]

1. d4 {[%emt 0:00:00]} d5 {[%emt 0:00:00]} 2. c4 {[%emt 0:00:00]} e6 {[%emt 0:00:00]} 3. Nc3 {[%emt 0:00:00]} Nf6 {[%emt 0:00:12]} 4. Bg5 {[%emt 0:00:00]} Be7 {[%emt 0:00:07]} 5. e3 {[%emt 0:00:04]} Nbd7 {[%emt 0:00:58]} 6. Nf3 {[%emt 0:00:58]} c6 {[%emt 0:00:26]} 7. Bd3 {[%emt 0:01:25]} O-O {[%emt 0:01:12]} 8. O-O {[%emt 0:00:30]} Re8 {[%emt 0:01:41]} 9. Qc2 {[%emt 0:01:17]} h6 {[%emt 0:00:48]} 10. Bf4 {[%emt 0:00:53]} b6 {[%emt 0:11:25]} 11. cxd5 {[%emt 0:04:50]} exd5 {[%emt 0:06:01]} 12. Nb5 {[%emt 0:03:59]} Bb7 {[%emt 0:00:29]} 13. Nc7 {[%emt 0:00:55]} Rc8 {[%emt 0:00:48]} 14. Nxe8 {[%emt 0:00:13]} Qxe8 {[%emt 0:00:02]} 15. Rac1 {[%emt 0:02:09]} Nh5 {[%emt 0:07:17]} 16. Qa4 {[%emt 0:04:36]} a5 {[%emt 0:02:10]} 17. Bg3 {[%emt 0:01:40]} Nxg3 {[%emt 0:01:07]} 18. hxg3 {[%emt 0:00:03]} g6 {[%emt 0:03:01]} 19. a3 {[%emt 0:09:08]} Bd6 {[%emt 0:01:48]} 20. Rfe1 {[%emt 0:02:57]} f5 {[%emt 0:01:49]} 21. Qd1 {[%emt 0:07:09]} Qf7 {[%emt 0:08:37]} 22. Qe2 {[%emt 0:02:09]} Re8 {[%emt 0:09:20]} 23. Qc2 {[%emt 0:03:27]} Nf6 {[%emt 0:06:10]} 24. Qb3 {[%emt 0:03:37]} b5 {[%emt 0:01:19]} 25. Qc3 {[%emt 0:05:02]} b4 {[%emt 0:02:38]} 26. Qb3 {[%emt 0:00:44]} Rb8 {[%emt 0:04:16]} 27. Qa4 {[%emt 0:02:20]} Qc7 {[%emt 0:06:42]} 28. axb4 {[%emt 0:43:55]} Bxb4 {[%emt 0:01:47]} 29. Re2 {[%emt 0:00:00]} Nd7 {[%emt 0:03:52]} 30. Bb5 {[%emt 0:00:00]} Nb6 {[%emt 0:04:46]} 31. Qc2 {[%emt 0:00:00]} Qd6 {[%emt 0:06:17]} 32. Bd3 {[%emt 0:00:00]} Rf8 {[%emt 0:03:14]} 33. Ne5 {[%emt 0:00:00]} Rf6 {[%emt 0:01:04]} 34. Qd1 {[%emt 0:00:00]} Nc8 {[%emt 0:01:34]} 35. Rec2 {[%emt 0:00:00]} Na7 {[%emt 0:01:06]} 36. Be2 {[%emt 0:00:00]} h5 {[%emt 0:01:40]} 37. Nd3 {[%emt 0:00:00]} Qf8 {[%emt 0:01:44]} 38. Nxb4 {[%emt 0:00:00]} Qxb4 {[%emt 0:00:16]} 39. Qd2 {[%emt 0:00:00]} Qa4 {[%emt 0:01:14]} 40. Rc5 {[%emt 0:00:00]} Nb5 {[%emt 0:00:29]} 41. Bxb5 {[%emt 0:19:00]} cxb5 {[%emt 0:30:02]} 42. Qc3 {[%emt 0:07:29]} b4 {[%emt 0:00:41]} 43. Qc2 {[%emt 0:00:16]} Qxc2 {[%emt 0:00:30]} 44. R1xc2 {[%emt 0:00:04]} Ra6 {[%emt 0:00:01]} 45. Rc7 {[%emt 0:00:55]} Rb6 {[%emt 0:00:15]} 46. R2c5 {[%emt 0:01:31]} a4 {[%emt 0:00:22]} 47. Ra5 {[%emt 0:00:59]} a3 {[%emt 0:01:11]} 48. bxa3 {[%emt 0:00:45]} b3 {[%emt 0:00:08]} 49. Rc1 {[%emt 0:00:45]} Ba6 {[%emt 0:00:20]} 50. Rb1 {[%emt 0:02:51]} b2 {[%emt 0:00:25]} 51. Rxa6 {[%emt 0:00:31]} Rxa6 {[%emt 0:00:01]} 52. Rxb2 {[%emt 0:00:10]} Rxa3 {[%emt 0:00:09]} 53. Kf1 {[%emt 0:00:17]} Ra7 {[%emt 0:00:44]} 54. Rb6 {[%emt 0:00:25]} Kf7 {[%emt 0:00:19]} 55. Rd6 {[%emt 0:00:11]} Ra5 {[%emt 0:00:40]} 56. Ke2 {[%emt 0:01:00]} Kg7 {[%emt 0:01:11]} 57. Rc6 {[%emt 0:01:31]} Ra7 {[%emt 0:00:42]} 58. Kf3 {[%emt 0:01:04]} g5 {[%emt 0:00:52]} 59. Rc5 {[%emt 0:00:55]} Rd7 {[%emt 0:00:14]} 60. Ke2 {[%emt 0:00:17]} Rd6 {[%emt 0:00:20]} 61. f3 {[%emt 0:00:33]} Kf6 {[%emt 0:00:26]} 62. Kd3 {[%emt 0:02:28]} Ke6 {[%emt 0:00:48]} 63. e4 {[%emt 0:01:18]} g4 {[%emt 0:01:04]} 64. exd5+ {[%emt 0:00:58]} Rxd5 {[%emt 0:00:07]} 65. Rxd5 {[%emt 0:00:18]} Kxd5 {[%emt 0:00:01]} 66. fxg4 {[%emt 0:00:09]} hxg4 {[%emt 0:00:08]} 67. Ke3 {[%emt 0:00:08]} Kc4 {[%emt 0:00:52]} 68. Kf4 {[%emt 0:00:19]} Kxd4 {[%emt 0:00:03]} 69. Kxf5 {[%emt 0:00:09]} Kd5 {[%emt 0:00:16]} 70. Kxg4 {[%emt 0:00:07]} Ke6 {[%emt 0:00:23]} 71. Kh5 {[%emt 0:00:06]} Kf7 {[%emt 0:00:12]} 72. Kh6 {[%emt 0:00:08]} Kg8 {[%emt 0:00:32]} 73. g4 {[%emt 0:00:07]} Kh8 {[%emt 0:00:14]} 74. g5 {[%emt 0:00:05]} Kg8 {[%emt 0:00:14]} 75. g6 {[%emt 0:00:04]} 1-0

[Event "ISR-ch Women 2018"]
[Site "Ma'alot-Tarshih"]
[Date "2018.12.18"]
[Round "7"]
[White "Klinova, Masha"]
[Black "Nesterovskaya, Anzhelika"]
[Result "1/2-1/2"]
[WhiteElo "2267"]
[BlackElo "2130"]
[Annotator "NA"]
[PlyCount "50"]
[EventDate "2018.12.11"]
[EventType "swiss"]
[EventCountry "ISR"]
[SourceTitle "playchess.com"]
[Source "ChessBase"]
[SourceQuality "1"]
[TimeControl "40/5400+30:1800+30"]

1. e4 {[%emt 0:00:00]} c5 {[%emt 0:00:00]} 2. Nf3 {[%emt 0:00:00]} g6 {[%emt 0:00:00]} 3. c3 {[%emt 0:00:50]} d5 {[%emt 0:00:33]} 4. exd5 {[%emt 0:00:48]} Qxd5 {[%emt 0:00:15]} 5. d4 {[%emt 0:00:15]} Bg7 {[%emt 0:00:54]} 6. Be2 {[%emt 0:06:16]} cxd4 {[%emt 0:07:04]} 7. cxd4 {[%emt 0:01:27]} Nf6 {[%emt 0:00:18]} 8. Nc3 {[%emt 0:00:12]} Qa5 {[%emt 0:00:29]} 9. O-O {[%emt 0:02:08]} O-O {[%emt 0:00:17]} 10. Bf4 {[%emt 0:06:50]} Nc6 {[%emt 0:13:59]} 11. Qb3 {[%emt 0:04:22]} Qb4 {[%emt 0:07:35]} 12. Qxb4 {[%emt 0:14:03]} Nxb4 {[%emt 0:00:05]} 13. a3 {[%emt 0:05:58]} Nbd5 {[%emt 0:01:06]} 14. Be5 {[%emt 0:00:06]} Rd8 {[%emt 0:22:43]} 15. Rfe1 {[%emt 0:14:15]} b6 $11 {[%emt 0:12:32]} 16. Nxd5 {[%emt 0:12:33]} Nxd5 {[%emt 0:04:29]} 17. Bc4 {[%emt 0:02:26]} Bh6 {[%emt 0:05:04]} 18. Bg3 {[%emt 0:02:42]} Kf8 {[%emt 0:06:33]} 19. h4 {[%emt 0:05:29]} f6 {[%emt 0:02:16]} 20. Re2 {[%emt 0:04:23]} a6 {[%emt 0:03:50]} 21. Bxd5 {[%emt 0:10:58]} Rxd5 {[%emt 0:01:11]} 22. Bc7 {[%emt 0:00:05]} b5 {[%emt 0:00:04]} 23. Bb6 {[%emt 0:00:06]} Kf7 {[%emt 0:00:38]} 24. Bc5 {[%emt 0:00:42]} e6 {[%emt 0:00:41]} 25. b4 {[%emt 0:01:12]} Bb7 {[%emt 0:01:35]} 1/2-1/2

[Event "ISR-ch Women 2018"]
[Site "Ma'alot-Tarshih"]
[Date "2018.12.18"]
[Round "7"]
[White "Lahav, Michal"]
[Black "Vardi, Shlomit"]
[Result "1/2-1/2"]
[WhiteElo "2059"]
[BlackElo "1910"]
[Annotator "NA"]
[PlyCount "25"]
[EventDate "2018.12.11"]
[EventType "swiss"]
[EventCountry "ISR"]
[SourceTitle "playchess.com"]
[Source "ChessBase"]
[SourceQuality "1"]
[TimeControl "40/5400+30:1800+30"]

1. e4 {[%emt 0:00:00]} d6 {[%emt 0:00:00]} 2. d4 {[%emt 0:00:01]} g6 {[%emt 0:00:00]} 3. Nc3 {[%emt 0:00:04]} Bg7 {[%emt 0:00:00]} 4. h3 {[%emt 0:00:05]} c6 {[%emt 0:01:41]} 5. a4 {[%emt 0:00:07]} Nd7 {[%emt 0:00:28]} 6. g3 {[%emt 0:00:07]} Ngf6 {[%emt 0:00:51]} 7. Bg2 {[%emt 0:00:02]} e5 {[%emt 0:01:02]} 8. Nge2 {[%emt 0:00:06]} O-O {[%emt 0:00:28]} 9. O-O {[%emt 0:00:06]} Re8 {[%emt 0:01:09]} 10. Be3 {[%emt 0:04:07]} exd4 {[%emt 0:04:18]} 11. Bxd4 {[%emt 0:05:16]} Qa5 $14 {[%emt 0:06:26]} 12. Be3 {[%emt 0:08:34]} Nc5 {[%emt 0:01:42]} 13. Qd2 {[%emt 0:37:15]} 1/2-1/2

[Event "ISR-ch Women 2018"]
[Site "Ma'alot-Tarshih"]
[Date "2018.12.18"]
[Round "7"]
[White "Reprun, Nadejda"]
[Black "Shvayger, Yuliya"]
[Result "1/2-1/2"]
[WhiteElo "2016"]
[BlackElo "2393"]
[Annotator "NA"]
[PlyCount "97"]
[EventDate "2018.12.11"]
[EventType "swiss"]
[EventCountry "ISR"]
[SourceTitle "playchess.com"]
[Source "ChessBase"]
[SourceQuality "1"]
[TimeControl "40/5400+30:1800+30"]

1. e4 {[%emt 0:00:00]} c5 {[%emt 0:01:03]} 2. Nf3 {[%emt 0:00:00]} d6 {[%emt 0:00:07]} 3. d4 {[%emt 0:00:00]} cxd4 {[%emt 0:00:08]} 4. Nxd4 {[%emt 0:00:00]} Nf6 {[%emt 0:00:04]} 5. Nc3 {[%emt 0:00:01]} a6 {[%emt 0:00:04]} 6. Be2 {[%emt 0:00:31]} e6 {[%emt 0:00:25]} 7. O-O {[%emt 0:01:22]} Nbd7 {[%emt 0:01:27]} 8. a4 {[%emt 0:07:26]} b6 {[%emt 0:00:45]} 9. f4 {[%emt 0:03:28]} Bb7 {[%emt 0:00:39]} 10. Bf3 {[%emt 0:01:01]} Qc7 {[%emt 0:05:28] LiveBook: 155 Games} 11. f5 {[%emt 0:07:44] B84: Sicilian Scheveningen: 6 Be2 a6, lines without early Be3} (11. Qe2 Rc8 12. Be3 h5 13. Bf2 Ng4 14. Bxg4 hxg4 15. Qxg4 Nf6 16. Qe2 Qc4 17. Rfe1 Qxe2 18. Rxe2 Ng4 19. Nf3 Nxf2 20. Kxf2 {½-½ (65) Karjakin,S (2783)-Nepomniachtchi,I (2751) chess.com INT 2017}) 11... e5 {[%emt 0:01:57]} 12. Nb3 {[%emt 0:00:26]} h6 {[%emt 1:23:53]} 13. Qe1 {[%emt 0:04:05]} Be7 {[%emt 0:00:00]} 14. Qg3 $146 {[%emt 0:01:47]} ({Predecessor:} 14. Be3 g5 15. fxg6 fxg6 16. Qg3 g5 17. Qh3 O-O-O {1-0 (29) Radovanovic,D (2298)-Siebrecht,S (2379) Chania 1999}) 14... Kf8 {[%emt 0:00:00]} 15. Be3 {[%emt 0:01:26]} Rc8 {[%emt 0:00:00]} 16. Qf2 {[%emt 0:06:09]} Qd8 {[%emt 0:00:00]} 17. Rad1 {[%emt 0:02:16]} Kg8 {[%emt 0:00:00]} 18. g4 {[%emt 0:11:50]} (18. Qe2 $14) 18... Rc4 {[%emt 0:00:00]} 19. Nd2 {[%emt 0:00:53]} Rc8 {[%emt 0:00:00]} 20. Nb3 {[%emt 0:00:05]} Rh7 {[%emt 0:00:00]} 21. Qg2 {[%emt 0:02:40]} Rc4 {[%emt 0:00:00]} 22. Nd2 {[%emt 0:00:20]} Rc7 {[%emt 0:00:00]} 23. Nb3 {[%emt 0:00:25]} (23. Rfe1 $14) 23... Qa8 {[%emt 0:00:00]} 24. Rf2 {[%emt 0:02:49]} Rxc3 {[%emt 0:00:00]} 25. bxc3 {[%emt 0:00:18]} Bxe4 {[%emt 0:00:00]} 26. h3 {[%emt 0:04:41]} Rh8 {[%emt 0:00:00]} 27. c4 {[%emt 0:02:50]} Kh7 {[%emt 0:00:00]} 28. a5 {[%emt 0:01:24]} bxa5 {[%emt 0:00:00]} 29. Nxa5 {[%emt 0:01:16]} Rc8 {[%emt 0:00:00]} 30. Rb1 $15 {[%emt 0:04:16]} Nc5 {[%emt 0:00:00]} 31. Rff1 {[%emt 0:13:39]} Kg8 {[%emt 0:07:16]} 32. Rb2 {[%emt 0:03:45]} Na4 {[%emt 0:00:38]} 33. Bxe4 {[%emt 0:01:18]} Qxe4 {[%emt 0:00:14]} 34. Qxe4 {[%emt 0:00:37]} Nxe4 {[%emt 0:00:01]} 35. Rb4 {[%emt 0:01:21]} Nac3 {[%emt 0:00:16]} 36. Rb6 {[%emt 0:01:19]} Bd8 {[%emt 0:02:05]} 37. Rxa6 {[%emt 0:00:22]} Bxa5 {[%emt 0:00:07]} 38. Rxa5 {[%emt 0:00:05]} Rxc4 {[%emt 0:00:06]} 39. Kg2 {[%emt 0:05:19]} d5 {[%emt 0:00:10]} 40. h4 {[%emt 0:02:11]} d4 {[%emt 0:02:06]} 41. Bc1 {[%emt 0:30:17]} Nc5 {[%emt 0:22:12]} 42. g5 {[%emt 0:00:00]} Kh7 {[%emt 0:01:38]} 43. Ra7 {[%emt 0:00:00]} N3e4 {[%emt 0:00:48]} 44. Rxf7 {[%emt 0:00:00]} Rxc2+ {[%emt 0:00:02]} 45. Kh3 {[%emt 0:00:00]} Rc3+ {[%emt 0:02:37]} 46. Kh2 {[%emt 0:00:00]} Rc2+ {[%emt 0:00:12]} 47. Kh3 {[%emt 0:00:00]} Rc3+ {[%emt 0:00:05]} 48. Kh2 {[%emt 0:00:00]} Rc2+ {[%emt 0:01:19]} 49. Kg1 {[%emt 0:12:48]} 1/2-1/2

[Event "ISR-ch Women 2018"]
[Site "Ma'alot-Tarshih"]
[Date "2018.12.18"]
[Round "7"]
[White "Buzukashvili, Sofia"]
[Black "Efroimski, Marsel"]
[Result "0-1"]
[WhiteElo "1963"]
[BlackElo "2301"]
[Annotator "NA"]
[PlyCount "110"]
[EventDate "2018.12.11"]
[EventType "swiss"]
[EventCountry "ISR"]
[SourceTitle "playchess.com"]
[Source "ChessBase"]
[SourceQuality "1"]
[TimeControl "40/5400+30:1800+30"]

1. Nf3 {[%emt 0:00:11]} Nf6 {[%emt 0:04:16]} 2. c4 {[%emt 0:00:29]} g6 {[%emt 0:04:02]} 3. g3 {[%emt 0:00:25]} Bg7 {[%emt 0:00:25]} 4. Bg2 {[%emt 0:00:36]} O-O {[%emt 0:00:40]} 5. O-O {[%emt 0:00:10]} d6 {[%emt 0:02:39]} 6. d4 {[%emt 0:01:10]} Bf5 {[%emt 0:10:06]} 7. Nc3 {[%emt 0:01:03]} Qc8 {[%emt 0:02:51] LiveBook: 12 Games} 8. b3 {[%emt 0:09:33]} Bh3 {[%emt 0:04:53]} 9. Bb2 {[%emt 0:02:16]} c6 {[%emt 0:10:02]} 10. Rc1 {[%emt 0:05:24] A15: English Opening: 1...Nf6} Bh6 $146 {[%emt 0:07:59]} ({Predecessor:} 10... Bxg2 11. Kxg2 a5 12. e4 Na6 13. Qe2 Nc7 14. Rfd1 Ne6 15. d5 Nc5 16. Ba3 Nfd7 17. Ne1 Re8 {0-1 (51) Markowski,T (2598)-Efimenko,Z (2660) Plovdiv 2008}) 11. e3 {[%emt 0:08:22]} Na6 {[%emt 0:00:37]} 12. d5 {[%emt 0:05:29]} Nc7 {[%emt 0:05:29]} 13. Nd2 {[%emt 0:08:02]} Bxg2 {[%emt 0:07:51]} 14. Kxg2 {[%emt 0:00:06]} Bg7 {[%emt 0:07:30]} 15. dxc6 {[%emt 0:09:19]} bxc6 {[%emt 0:00:19]} 16. Nce4 {[%emt 0:03:05]} (16. f4 $11 {keeps the balance.}) 16... Nxe4 {[%emt 0:05:39]} 17. Bxg7 {[%emt 0:02:46]} Nxf2 {[%emt 0:04:52]} 18. Rxf2 {[%emt 0:01:37]} Kxg7 {[%emt 0:00:03]} 19. Qf3 {[%emt 0:05:43]} c5 $17 {[%emt 0:04:22]} 20. Ne4 {[%emt 0:02:21]} Qb7 {[%emt 0:02:31]} 21. Rd1 {[%emt 0:05:07]} f5 {[%emt 0:03:40]} 22. Nc3 {[%emt 0:00:47]} Qxf3+ {[%emt 0:00:08]} 23. Rxf3 {[%emt 0:00:33]} Rf6 {[%emt 0:00:34]} 24. Rf2 {[%emt 0:08:48]} Re6 {[%emt 0:00:19]} 25. Rd3 {[%emt 0:00:56]} Rb8 {[%emt 0:02:34]} 26. Re2 {[%emt 0:01:02]} Re5 {[%emt 0:00:50]} 27. Kf2 {[%emt 0:01:48]} Kf7 {[%emt 0:00:55]} 28. Red2 {[%emt 0:00:29]} Na6 {[%emt 0:02:12]} 29. Nb5 {[%emt 0:02:11]} Nb4 {[%emt 0:00:54]} 30. Rc3 {[%emt 0:00:08]} a6 {[%emt 0:01:39]} 31. Nc7 {[%emt 0:06:58]} Rb7 {[%emt 0:00:35]} 32. Nd5 {[%emt 0:00:32]} Nxd5 {[%emt 0:00:16]} 33. cxd5 {[%emt 0:00:13]} Re4 {[%emt 0:00:26]} 34. Rc4 {[%emt 0:01:40]} Rxc4 {[%emt 0:00:34]} 35. bxc4 {[%emt 0:00:05]} Rb4 {[%emt 0:00:09]} 36. Rc2 {[%emt 0:00:10]} Kf6 {[%emt 0:01:04]} 37. Ke2 {[%emt 0:00:25]} Ke5 {[%emt 0:00:24]} 38. Kf3 {[%emt 0:03:14]} a5 {[%emt 0:02:22]} 39. h4 {[%emt 0:00:46]} h5 {[%emt 0:00:07]} 40. Rc3 {[%emt 0:03:42]} a4 {[%emt 0:02:27]} 41. Rc2 {[%emt 0:30:24]} e6 {[%emt 0:19:02]} 42. dxe6 {[%emt 0:00:00]} Kxe6 {[%emt 0:00:03]} 43. Rc3 {[%emt 0:00:00]} d5 {[%emt 0:02:41]} 44. cxd5+ {[%emt 0:00:00]} Kxd5 {[%emt 0:00:01]} 45. Rd3+ {[%emt 0:00:00]} Kc4 {[%emt 0:02:03]} 46. Rd6 {[%emt 0:00:00]} Rb2 {[%emt 0:00:29]} 47. Rxg6 {[%emt 0:00:00]} Rxa2 {[%emt 0:00:03]} 48. Ra6 {[%emt 0:00:00]} a3 {[%emt 0:04:10]} 49. Kf4 {[%emt 0:01:55]} Rf2+ {[%emt 0:00:41]} 50. Kg5 {[%emt 0:00:04]} a2 {[%emt 0:00:27]} 51. Kxh5 {[%emt 0:00:18]} Kb3 {[%emt 0:00:07]} 52. Ra5 {[%emt 0:00:10]} c4 {[%emt 0:00:51]} 53. Kg6 {[%emt 0:01:20]} Kb2 {[%emt 0:00:18]} 54. Rb5+ {[%emt 0:00:20]} Kc1 {[%emt 0:00:07]} 55. Ra5 {[%emt 0:00:51]} Kb1 {[%emt 0:00:04]} 0-1

[Event "ISR-ch Women 2018"]
[Site "Ma'alot-Tarshih"]
[Date "2018.12.18"]
[Round "7"]
[White "Levitan, Ronit"]
[Black "Haitovich, Avital"]
[Result "1/2-1/2"]
[WhiteElo "1875"]
[BlackElo "1979"]
[Annotator "NA"]
[PlyCount "90"]
[EventDate "2018.12.11"]
[EventType "swiss"]
[EventCountry "ISR"]
[SourceTitle "playchess.com"]
[Source "ChessBase"]
[SourceQuality "1"]
[TimeControl "40/5400+30:1800+30"]

1. e4 {[%emt 0:00:00]} c5 {[%emt 0:00:00]} 2. c3 {[%emt 0:00:00]} d6 {[%emt 0:00:00]} 3. d4 {[%emt 0:00:00]} Qc7 {[%emt 0:00:00]} 4. Nf3 {[%emt 0:00:39]} g6 {[%emt 0:02:59]} 5. Bd3 {[%emt 0:06:34]} Bg7 {[%emt 0:00:29]} 6. d5 {[%emt 0:01:08]} Nf6 {[%emt 0:01:04]} 7. O-O {[%emt 0:00:14]} O-O {[%emt 0:00:26]} 8. Re1 {[%emt 0:00:52]} Nbd7 {[%emt 0:05:43]} 9. Nbd2 $14 {[%emt 0:04:41]} Rb8 {[%emt 0:08:18]} 10. a4 {[%emt 0:03:56]} b6 {[%emt 0:05:23]} 11. Nf1 {[%emt 0:04:29]} Bb7 {[%emt 0:04:41]} 12. Bc2 {[%emt 0:00:23]} Rfe8 {[%emt 0:07:11]} 13. Bf4 {[%emt 0:19:55]} Nh5 {[%emt 0:04:53]} 14. Be3 {[%emt 0:00:26]} e6 {[%emt 0:05:38]} 15. dxe6 {[%emt 0:05:03]} fxe6 {[%emt 0:16:03]} 16. Ng3 {[%emt 0:02:29]} Nxg3 {[%emt 0:07:48]} 17. hxg3 {[%emt 0:00:06]} Nf6 {[%emt 0:07:54]} 18. Bf4 {[%emt 0:01:11]} e5 {[%emt 0:01:24]} 19. Bg5 {[%emt 0:01:30]} h6 {[%emt 0:02:58]} 20. Bxf6 {[%emt 0:00:51]} Bxf6 {[%emt 0:00:02]} 21. Qd2 {[%emt 0:01:13]} Kg7 {[%emt 0:02:28]} 22. g4 {[%emt 0:04:05]} Qe7 {[%emt 0:01:42]} 23. Nh2 {[%emt 0:04:21]} Bg5 {[%emt 0:00:57]} 24. Qd3 {[%emt 0:00:25]} Rbd8 {[%emt 0:01:03]} 25. Rad1 {[%emt 0:02:18]} Qf7 {[%emt 0:02:19]} 26. c4 {[%emt 0:01:44]} Rf8 {[%emt 0:01:36]} 27. Qe2 {[%emt 0:01:11]} Bc8 {[%emt 0:02:15]} 28. b3 {[%emt 0:02:08]} Qe7 {[%emt 0:03:27]} 29. g3 {[%emt 0:04:16]} Rf6 {[%emt 0:01:37]} 30. Bd3 {[%emt 0:02:20]} Rdf8 {[%emt 0:00:45]} 31. Kg2 {[%emt 0:03:51]} Qf7 {[%emt 0:00:14]} 32. Rf1 {[%emt 0:00:12]} Qe6 {[%emt 0:01:55]} 33. f3 {[%emt 0:03:34]} Rh8 {[%emt 0:01:34]} 34. Rh1 {[%emt 0:09:28]} h5 {[%emt 0:01:10]} 35. Bc2 {[%emt 0:04:40]} h4 {[%emt 0:00:07]} 36. Nf1 {[%emt 0:00:29]} Qf7 {[%emt 0:00:41]} 37. gxh4 {[%emt 0:02:13]} Rxh4 {[%emt 0:00:16]} 38. Rxh4 {[%emt 0:00:10]} Bxh4 {[%emt 0:00:01]} 39. Ne3 {[%emt 0:00:38]} Re6 {[%emt 0:01:48]} 40. Rh1 {[%emt 0:00:56]} Bg5 {[%emt 0:00:06]} 41. Nd5 {[%emt 0:32:24]} Re8 {[%emt 0:14:38]} 42. Qe1 {[%emt 0:00:00]} Rf8 {[%emt 0:01:28]} 43. Qg3 {[%emt 0:00:00]} Be6 {[%emt 0:04:04]} 44. Qh3 {[%emt 0:00:00]} Bxd5 {[%emt 0:00:02]} 45. exd5 {[%emt 0:00:00]} Qg8 {[%emt 0:05:27]} 1/2-1/2